MARC

LEADER 00000nam0a2200000 4500
001 63753
005 20231101212103.0
035 |a (RuTPU)RU\TPU\book\67654 
090 |a 63753 
100 |a 20040520d2002 k y0rusy50 ca 
101 0 |a rus 
102 |a RU 
105 |a y l 000zy 
200 1 |a Дополнения к "Перечню и кодам веществ, загрязняющих атмосферный воздух"  |f Научно-исследовательский институт охраны атмосферного воздуха; Научно-исследовательский институт экологии человека и гигиены окружающей среды им. А. И. Сысина; Фирма "Интеграл" 
210 |a СПб  |c Атмосфера  |d 2002 
215 |a 24 с. 
610 1 |a окружающая среда 
610 1 |a атмосферный воздух 
610 1 |a загрязнение 
610 1 |a загрязняющие вещества 
610 1 |a перечень 
675 |a 504.3  |v 3 
712 0 2 |a Научно-исследовательский институт охраны атмосферного воздуха  |2 stltpush  |3 (RuTPU)RU\TPU\col\1221 
712 0 2 |a Научно-исследовательский институт экологии человека и гигиены окружающей среды им. А. И. Сысина  |2 stltpush  |3 (RuTPU)RU\TPU\col\5889 
712 0 2 |a Интеграл  |c Фирма  |c (Санкт-Петербург)  |2 stltpush  |3 (RuTPU)RU\TPU\col\2796  |9 23736 
801 1 |a RU  |b 63413507  |c 20040520  |g PSBO 
801 2 |a RU  |b 63413507  |c 20080814  |g PSBO 
942 |c BK 
959 |a 66/20040520  |d 1  |e 140  |f ЧЗКДП:1